| 000 | 00779nam a22002417a 4500 | ||
|---|---|---|---|
| 001 | 4340 | ||
| 003 | FISKH | ||
| 005 | 20250827093150.0 | ||
| 008 | 240730b cb ||||| |||| 00| 0 eng d | ||
| 020 | _a9781740898232 | ||
| 040 |
_aFISKH _beng _cFISKH _dFISKH |
||
| 050 | _aPZ7 | ||
| 082 | _a360 | ||
| 100 | _aMcAllan, Kate | ||
| 245 |
_aGetting in touch / _cKate McAllan |
||
| 260 |
_aSydney : _bWeldon Owen, _c2008. |
||
| 300 |
_a32 pages : _bcolor illustrations ; _c23 cm |
||
| 490 | _aTop Readers | ||
| 520 | _aWe used telephones and computers to stay in touch, but what did we do before we had these things? A messages in a bottle can take a long time to cross an ocean but it has happened. | ||
| 650 | _aGetting in Touch | ||
| 942 |
_2ddc _cBK _n0 |
||
| 999 |
_c4340 _d4340 |
||